مكتبة جامعة عجلون الوطنية

فهرس بحث المكتبة

Normal view MARC view
  • المرأة -- عالم عربي -- احوال اجتماعية -- مؤتمرات- (عمان سلطنة) 

Entry Topical Term

Number of records used in: 1

001 - CONTROL NUMBER

  • control field: 34440

003 - CONTROL NUMBER IDENTIFIER

  • control field: JO-AjAnu

005 - DATE AND TIME OF LATEST TRANSACTION

  • control field: 20230606075753.0

008 - FIXED-LENGTH DATA ELEMENTS

  • fixed length control field: 230606|| aca||aabn | a|a d

040 ## - CATALOGING SOURCE

  • Original cataloging agency: JO-AjAnu
  • Transcribing agency: JO-AjAnu

150 ## - HEADING--TOPICAL TERM

  • Topical term or geographic name entry element: المرأة -- عالم عربي -- احوال اجتماعية -- مؤتمرات- (عمان سلطنة) 

670 ## - SOURCE DATA FOUND

  • Source citation: Work cat.: (JO-AjAnu)17690: منتدى دور المرأة العربية في التنمية الإدارية , author 34439, االدور الريادي للمرأة العربية في التنمية الإدارية : بحوث وأوراق عمل منتدى "دور المرأة العربية في التنمية الإدارية، مسقط، سلطنة عمان